Come andremo a incominciare?

সংরক্ষণ করুন:
গ্রন্থ-পঞ্জীর বিবরন
প্রধান লেখক: Biagi, Enzo
অন্যান্য লেখক: Scalfari, Eugenio
বিন্যাস: অজ্ঞাত
প্রকাশিত: Rizzoli
ট্যাগগুলো: ট্যাগ যুক্ত করুন
কোনো ট্যাগ নেই, প্রথমজন হিসাবে ট্যাগ করুন!

MARC

LEADER 00000R 00a22000002204500
001 R-1083
003 CODICE-MESSINA
005 20260213115830.0
008 020627s1981 it |||||| ||||| |||||c
040 |c importazione_messina 
100 |a Biagi, Enzo 
245 0 |a Come andremo a incominciare? 
260 |b Rizzoli 
700 |a Scalfari, Eugenio 
942 |2 ddc  |c BK 
952 |0 0  |1 0  |2 ddc  |4 0  |6 SCAFFALE_10_000000000000000__ROMANZI  |7 0  |9 31913  |a ME  |b ME  |d 2026-02-11  |l 0  |o SCAFFALE 10 - ROMANZI  |p R-1083  |r 2026-02-11 23:52:51  |w 2026-02-11  |x [REVISIONARE]  |y BK 
999 |c 27578  |d 27578